Arquitectura y clima : (Registro nro. 2330)
[ vista simple ]
| 000 -LEADER | |
|---|---|
| fixed length control field | 01083nam a2200265Ia 4500 |
| 003 - CONTROL NUMBER IDENTIFIER | |
| control field | PE SENCICO BE |
| 005 - DATE AND TIME OF LATEST TRANSACTION | |
| control field | 20260323175719.0 |
| 008 - FIXED-LENGTH DATA ELEMENTS--GENERAL INFORMATION | |
| fixed length control field | 200515s9999 xx 000 0 und d |
| 020 ## - INTERNATIONAL STANDARD BOOK NUMBER | |
| International Standard Book Number | 84-252-1488-2 |
| 040 ## - CATALOGING SOURCE | |
| Original cataloging agency | PE SENCICO BE |
| Transcribing agency | PE SENCICO BE |
| 041 ## - LANGUAGE CODE | |
| Language code of text/sound track or separate title | spa |
| 082 ## - DEWEY DECIMAL CLASSIFICATION NUMBER | |
| Classification number | 720.47 |
| Item number | O43 |
| 100 1# - MAIN ENTRY--PERSONAL NAME | |
| Personal name | Olgyay, Victor |
| 9 (RLIN) | 612 |
| Relator term | autor |
| 245 10 - TITLE STATEMENT | |
| Title | Arquitectura y clima : |
| Remainder of title | manual de diseño bioclimático para arquitectos y urbanistas / |
| Statement of responsibility, etc. | Victor Olgyay |
| 250 ## - EDITION STATEMENT | |
| Edition statement | 1a ed. |
| 260 ## - PUBLICATION, DISTRIBUTION, ETC. | |
| Place of publication, distribution, etc. | Barcelona : |
| Name of publisher, distributor, etc. | Gustavo Gili ; |
| Date of publication, distribution, etc. | 1998 |
| 300 ## - PHYSICAL DESCRIPTION | |
| Extent | 203 páginas : |
| Other physical details | ilustraciones, tablas, gráficos ; |
| Dimensions | 21 cm. |
| 504 ## - BIBLIOGRAPHY, ETC. NOTE | |
| Bibliography, etc. note | Bibliografía: p. 198-200 |
| 505 0# - FORMATTED CONTENTS NOTE | |
| Formatted contents note | Interpretación climática -- Interpretación según principios arquitectónicos |
| 520 3# - SUMMARY, ETC. | |
| Summary, etc. | Describe la relación entre un edificio y el medio natural que lo envuelve. Desarrolla en tres partes que se refieren, respectivamente: al clima y su relación con el ser humano |
| 650 10 - SUBJECT ADDED ENTRY--TOPICAL TERM | |
| Topical term or geographic name entry element | Arquitectura bioclimática |
| 9 (RLIN) | 450 |
| 650 20 - SUBJECT ADDED ENTRY--TOPICAL TERM | |
| Topical term or geographic name entry element | Urbanismo |
| 9 (RLIN) | 547 |
| 650 20 - SUBJECT ADDED ENTRY--TOPICAL TERM | |
| Topical term or geographic name entry element | Diseño arquitectónico |
| 9 (RLIN) | 316 |
| 942 ## - ADDED ENTRY ELEMENTS (KOHA) | |
| Koha item type | Libros |
| Source of classification or shelving scheme | Dewey Decimal Classification |
| Fecha de la última vez que lo usaron | Pago total | Signatura topográfica completa | Código de barras | Tipo de documento | Estado perdido | Sistema de clasificación | Estado dañado | No es para préstamo | Retirado | Ubicación permanente | Ubicación actual | Precio efectivo desde | Nota pública | Fecha de adquisición |
|---|---|---|---|---|---|---|---|---|---|---|---|---|---|---|
| 15/05/2020 | 720.47/O43 | BibLima26032691 | Libros | Dewey Decimal Classification | Biblioteca Central Lima | Biblioteca Central Lima | ||||||||
| 27/06/2025 | 720.47/O43 | BibZpiur25060040 | Libros | Dewey Decimal Classification | Biblioteca Piura | Biblioteca Piura | 27/06/2025 | Reimp. 2016 | 27/06/2025 | |||||
| 27/06/2025 | 720.47/O43/ej. 2 | BibZpiur25060041 | Libros | Dewey Decimal Classification | Biblioteca Piura | Biblioteca Piura | 27/06/2025 | Reimp. 2016 | 27/06/2025 | |||||
| 27/06/2025 | 720.47/O43/ej. 3 | BibZpiur25060042 | Libros | Dewey Decimal Classification | Biblioteca Piura | Biblioteca Piura | 27/06/2025 | Reimp. 2016 | 27/06/2025 | |||||
| 27/06/2025 | 720.47/O43/ej. 4 | BibZpiur25060043 | Libros | Dewey Decimal Classification | Biblioteca Piura | Biblioteca Piura | 27/06/2025 | Reimp. 2016 | 27/06/2025 |